[Event "Final Argentina Superior 2006"]
[Site "?"]
[Date "2006.05.02"]
[Round "7.1"]
[White "Blit, Jacques"]
[Black "Ricardi, Pablo"]
[Result "0-1"]
[WhiteElo "2246"]
[BlackElo "2515"]
[Annotator "de Dovitiis Alejo"]
[PlyCount "64"]
[EventDate "2006.??.??"]

1. e4 c5 2. Nf3 d6 3. d4 cxd4 4. Nxd4 Nf6 5. Nc3 a6 6. f3 {El ataque ingles
preparado con esmero por el joven Jacky Blit, pero como ha sucedido a menudo
en este torneo, los grandes maestros "olfatean" las preparaciones y salen a
tiempo de las mismas.} 6... e6 {Ricardi suele jugar} (6... e5 {por lo que Blit
debera demostrar sus habilidades frente a esta "nueva variante".}) 7. Be3 b5 8.
Qd2 Be7 9. Nb3 $2 {El que se va sin que lo echen vuelve sin que lo llamen, mas
aun cuando hacemos referencia al centro del tablero.} (9. Bd3 Bb7 10. a4 bxa4
11. O-O Nbd7 12. Nxa4 d5 13. Nc3 dxe4 14. Nxe4 O-O 15. Nxf6+ Nxf6 16. Nb3 {
1/2-1/2 Groszpeter,A-Boensch,U/Keszthely 1981.}) (9. O-O-O) (9. g4) 9... O-O
$146 (9... Nbd7 10. g4 Ne5 11. Qf2 Bb7 12. g5 Nfd7 13. h4 Qc7 14. Nd4 Nb6 15.
Nxe6 $6 fxe6 16. Bxb6 Qc6 17. Bd4 Rc8 18. Bxe5 $2 dxe5 19. O-O-O Bc5 $40 {
Makarova,N-Maksimova,A/Serpukhov 2003.}) 10. O-O-O Bd7 $5 {
Para empujar b4, a5 y a4.} 11. g4 b4 12. Ne2 a5 13. g5 Ne8 14. Kb1 {
Le da lugar al caballo en c1.} 14... Nc6 15. f4 Nc7 16. Rg1 Qb8 17. Ng3 Nb5 18.
Nh5 {Las blancas tambien pretenden atacar. ?Quien llegara primero? Todos
juegan sus boletos al negro pero...} 18... Rd8 19. Bxb5 $1 {
Este alfil no sumaba a la causa blanca.} 19... Qxb5 20. Nd4 Nxd4 21. Bxd4 e5
22. Bf2 Kh8 {Las cosas no estan tan sencillas para el pentacampeon.} 23. f5 $16
{Las blancas han emplazado primero sus misiles.} 23... Bf8 24. Nf6 {?Verdad o m
entira? Lo importante es tener a tu rival en las cuerdas y tratar de que no
salga de alli. Esto promete ser emocionante.} (24. g6 $5) 24... b3 25. cxb3 a4
26. Qe3 axb3 27. Qh3 (27. a3 $5) 27... gxf6 28. gxf6 Qe2 $1 {Buen contragolpe.}
29. Qxb3 Rdb8 (29... Qxf2 $4 30. Qxf7 $18) 30. Bb6 Qxe4+ 31. Ka1 d5 32. Rde1
Qc4 {Buen intento de Blit y perfecta refutacion de Ricardi.} 0-1

[Event "Final Argentina Superior 2006"]
[Site "?"]
[Date "2006.05.02"]
[Round "7.5"]
[White "Amura, Claudia"]
[Black "Felgaer, Ruben"]
[Result "1/2-1/2"]
[WhiteElo "2368"]
[BlackElo "2580"]
[Annotator "de Dovitiis Alejo"]
[PlyCount "32"]
[EventDate "2006.??.??"]

1. d4 d5 2. Bg5 {La Trompowsky, que ha ganado adeptos, en los ultimos anos.}
2... h6 {Para que el alfil decida su ruta.} 3. Bh4 c6 4. Nf3 Qb6 {
El complemento una vez hecho Bh4 por parte de las blancas.} 5. b3 (5. Qc1 Bf5 {
es factible.}) 5... g6 (5... Nd7 6. e3 e5 7. Be2 e4 8. Nfd2 c5 9. dxc5 Nxc5 10.
Nc3 g5 11. Nxd5 Qd8 12. Bb5+ Bd7 13. Bg3 Rc8 14. Bxd7+ Qxd7 15. Be5 $18 {
Gelfand,B-Lautier,J/Groningen 1997.}) (5... e6 6. e3 Nd7 7. Bd3 e5 8. dxe5 Nxe5
9. O-O (9. Nxe5 Qb4+ 10. c3 Qxh4) 9... Bd6 10. Nbd2 Nxd3 11. cxd3 Ne7 12. e4
Be6 $11 {Liascovich,L-Goldwaser,C/56 Abierto de Villa Ballester 2006.}) 6. e3
Bg4 $146 {Las negras van por la ruptura tematica e5.} (6... Bg7 7. Bd3 Nf6 8.
O-O Bg4 9. Nbd2 Nbd7 10. h3 Bxf3 11. Nxf3 O-O 12. c4 $14 {
Prayitno,S-Meenakshi,S/Kuala Lumpur 2005.}) 7. Be2 Bxf3 8. Bxf3 e5 {
Y llego el golpe central} 9. O-O (9. dxe5 $4 Qb4+ {gana al alfil de h4.}) 9...
Bg7 10. Nc3 Nd7 (10... exd4 11. exd4 Qxd4 12. Re1+ Kf8 13. Qe2 {
es harto peligroso para las negras.}) 11. Na4 Qa5 12. c4 e4 13. Bg4 Ngf6 14.
Bxd7+ Nxd7 15. b4 Qxb4 16. cxd5 O-O {Felgaer, tras una dura derrota con
blancas y estando peor, pone sus pergaminos y ofrece tablas. La verdad de la
situacion es que Claudia lo penso un rato y mientras su marido el gran maestro
mexicano Gilberto Hernandez la miraba con cara de "si no seguis esto
hablaremos seriamente a la noche", la gran maestro mientras analizaba la
oferta tenia cara de "y bueno, no esta mal sumar, aparte podemos ir a pasear
con los chicos", asi que tablas y todos felices (Ruben no se si tanto).}
1/2-1/2

[Event "Final Argentina Superior 2006"]
[Site "?"]
[Date "2006.05.02"]
[Round "7.4"]
[White "Mahia, Gustavo"]
[Black "Valerga, Diego"]
[Result "0-1"]
[WhiteElo "2427"]
[BlackElo "2470"]
[Annotator "de Dovitiis Alejo"]
[PlyCount "88"]
[EventDate "2006.??.??"]

1. e4 c5 2. Nf3 e6 3. d4 cxd4 4. Nxd4 Bc5 {La sorpresa que Valerga tenia
preparada !contra Campora!, bueno, tuvo que esperar seis fechas para poder
aplicarla. Ahora veremos que efecto surte en su adversario.} 5. Nb3 Bb6 6. Nc3
Ne7 7. g3 {
Sorprendido por la linea elegida por las negras el blanco juega con simpleza.}
7... O-O 8. Bg2 Nbc6 9. Qe2 (9. O-O f5 10. Bf4 fxe4 11. Nxe4 d5 12. Nec5 e5 $11
{Strohhaeker,R-Poysti,N/Willingen 2005.}) 9... f5 10. O-O fxe4 11. Nxe4 Nf5
$146 (11... d5 12. Nec5 (12. Ng5 Qd6 13. Be3 Bxe3 14. Qxe3 h6 15. Nf3 e5 16. c3
Bg4 17. Rae1 Nf5 $132) 12... Qd6 13. Na4 Bd8 14. Be3 b6 15. Nc3 Kh8 {
Metz,H-Huber,P/Germany 2002.}) 12. Bg5 $5 {
Interesante manera de poner en duda el juego de las negras.} 12... Qe8 13. c4
a5 14. c5 Bc7 15. g4 $1 {Segun parece el negro aguante pero a simple vista no
luce comoda la posicion de Valerga. ?Nos refutara el maestro de Martelli o
seguira arrasando el huracan de Pehuajo?} 15... h6 16. Be3 (16. gxf5 exf5)
16... Nxe3 17. fxe3 (17. Qxe3) 17... Rxf1+ 18. Rxf1 b6 19. Qc2 Ba6 20. Rd1 {
Las negras han desplegado parte de sus fuerzas pero la posicion no arroja
claridad aun.} 20... Qe7 21. cxb6 Bxb6 22. Nbc5 Nb4 23. Qb3 d5 24. Nxa6 Rxa6
25. a3 a4 26. Qc3 (26. Qxb4 Qxb4 27. axb4 dxe4 28. Bxe4 Bxe3+ {parecia llevar
a las tablas, pero Mahia va por mas cuando la posicion no da para ello.}) 26...
Nc6 27. Bf1 (27. Qxc6 Bxe3+ 28. Nf2 Rxc6 $19) 27... Ba5 28. Qc5 Rb6 $1 {
Seguramente este movimiento escapo a la vision del blanco que cuenta con menos
tiempo.} 29. Qxe7 Nxe7 30. Nc5 Rxb2 31. Nxa4 Ra2 32. Rd3 Ng6 33. Rb3 Ne5 $17
34. Nb2 {Al haber poco material el blanco puede sonar con el empate.} 34...
Nxg4 35. Bd3 Ra1+ 36. Kg2 Nxe3+ 37. Kf3 Nf5 $19 38. Bxf5 Rf1+ 39. Ke3 Rxf5 40.
Nd3 Bc7 41. Rb2 e5 {Estos peones deciden el pleito.} 42. a4 e4 43. Nc5 Rh5 44.
h4 $2 {Falla en una posicion sin esperanza.} (44. Rb7 Bxh2 45. Ne6 Be5) 44...
d4+ $1 (44... d4+ 45. Kxd4 (45. Kxe4 Rxc5 $19) 45... Be5+ 46. Kc4 Bxb2 {
Con esta victoria Valerga es otro de los que arrima a la punta del torneo.})
0-1

[Event "Final Argentina Superior 2006"]
[Site "?"]
[Date "2006.05.02"]
[Round "7.2"]
[White "Peralta, Fernando"]
[Black "Campora, Daniel"]
[Result "0-1"]
[WhiteElo "2524"]
[BlackElo "2552"]
[Annotator "de Dovitiis Alejo"]
[PlyCount "152"]
[EventDate "2006.??.??"]

1. d4 f5 2. g3 Nf6 3. Bg2 e6 4. c4 d5 5. Nh3 {Un viraje interesante de caballo
para jugar contra el Muro de Piedra producido por las negras.} 5... c6 6. Qc2 {
Por las dudas que el negro coma el peon de c4, aunque lo mismo es sospechoso.}
6... Be7 7. O-O O-O 8. Nd2 Ne4 {Muchos dicen que no es conveniente apurarse a
entrar en el punto fuerte en este esquema. Tratandose de Campora, no me animo
a desautorizarlo.} 9. Nf4 Bf6 10. Nf3 Qe8 11. Nd3 {
Una "vuelta" vista ya hace tiempo en las partidas de Kasparov.} 11... Nd7 12.
a4 $5 $146 {Las blancas van por la destruccion del ala dama de las negras.} (
12. b3 Kh8 13. Ba3 Rg8 14. Nfe5 Nxe5 15. dxe5 Be7 16. Bb2 Ng5 17. h4 Nf7 18. b4
$14 {Karpov,A-Cwiek,M/Radom 2000.}) (12. Bf4 g5 13. Bc7 g4 14. Nfe5 Bg5 15.
Nxd7 Bxd7 16. Bf4 $13 {Grapsa,G-Khurtsilava,I/Athens 2004.}) 12... g5 13. Nfe5
Nd6 14. b3 Nf7 {Prefiero al blanco, pero las negras estan jugando con criterio.
} 15. Ba3 $14 Be7 16. Bxe7 Qxe7 17. Nxf7 Qxf7 18. b4 f4 {Todos tiran pero
sinceramente la avalancha de peones del blanco en el sector dama parece mas
peligrosa.} 19. gxf4 $5 {Extrana decision, buscando jugar en ambos flancos,
cosa que no parecia necesaria, pero es verdad que el negro podria sufrir por
escaques negros.} 19... gxf4 20. Kh1 Kh8 21. Rg1 Qf6 22. Qc3 dxc4 23. Qxc4 e5
24. a5 exd4 25. Rad1 $1 $16 {
Creo que las negras tendran serios inconvenientes con el ala dama.} 25... Rd8 {
Un apuro de tiempo mutuo hace que la posicion pueda ser para cualquiera,
aunque aqui estaba preferible el blanco.} 26. Qc1 Ne5 27. Qxf4 Qxf4 28. Nxf4
Bf5 29. Bh3 $2 (29. Rc1) 29... Bxh3 30. Nxh3 d3 $1 31. exd3 Nxd3 $16 32. Rg4
Rd5 33. Rd2 $6 Rf8 34. Kg1 Nxb4 35. Re2 Rd1+ 36. Kg2 Nd5 37. a6 b5 38. Rc2 Rf6
39. Re2 Rg6 40. Re8+ Kg7 41. Rxg6+ Kxg6 42. Ra8 Ra1 43. Rxa7 Nb4 44. Nf4+ Kh6
45. h4 Rxa6 $19 {
Ganado pero con un minuto cada uno ambos hacen gala de su maestria.} 46. Rc7
Rb6 47. Ne6 Nd5 48. Rd7 Nf6 49. Rd6 b4 50. Nc5 Kg7 51. Na4 Rb7 52. Rxc6 b3 53.
Nb2 Rb4 54. Rc4 Rxc4 55. Nxc4 Kg6 {Surgen las chances de empate para el blanco.
} 56. Kf3 Kh5 57. Ke3 Kxh4 58. Kd3 Nd5 59. Nd2 b2 60. Kc2 Kg4 61. Kxb2 h5 62.
Kc2 h4 63. Kd1 h3 64. Nf1 Kf3 65. Ke1 Kg2 66. Ke2 Nf4+ 67. Ke1 Nd3+ 68. Ke2
Nf4+ 69. Ke1 Nd3+ 70. Ke2 Nxf2 71. Ne3+ Kg1 72. Nf1 Ng4 73. Ng3 h2 74. Nh1 $4 (
74. Kf3) 74... Kg2 75. Ke1 Ne5 76. Ke2 Nd3 $1 {Brillante y emocionante final.}
0-1

[Event "Final Argentina Superior 2006"]
[Site "?"]
[Date "2006.05.02"]
[Round "7.3"]
[White "Malbran, Guillermo"]
[Black "Flores, Diego"]
[Result "1/2-1/2"]
[WhiteElo "2308"]
[BlackElo "2494"]
[Annotator "de Dovitiis Alejo"]
[PlyCount "127"]
[EventDate "2006.??.??"]

1. e4 c5 2. Nf3 e6 3. Nc3 Nc6 4. g3 d5 5. d3 Nf6 {
Ya Malbran se ha sumido en largas meditaciones, apenas empezada la partida.} 6.
exd5 exd5 7. Bg2 Be7 (7... d4 8. Ne2 g6 9. O-O Bg7 10. a3 a5 11. a4 h6 12. Nd2
O-O 13. h3 g5 14. Nc4 Nb4 15. Bd2 Nfd5 16. Ra3 Be6 $15 {
Galego,L-Franco Ocampos,Z/Sant Lluis 2005.}) 8. O-O O-O {Hasta ahora no hay de
que hablar, ya que la formacion de peones puede mutar y con ello los planes de
la partida para ambos colores.} 9. Re1 $146 {
!Y llego la novedad de Malby! Solida y logica.} (9. d4 c4 10. Ne5 h6 11. b3 Qa5
12. Ne2 cxb3 13. cxb3 Bf5 14. Nxc6 bxc6 15. Bd2 Qb6 16. Rc1 $14 {
Chalmeta Ugas,R-Barrientos Chavarriada,S/Sants 2005.}) (9. h3 d4 10. Ne2 Re8
11. Kh2 Bf5 12. a4 Nd5 13. Nf4 Ncb4 14. Nxd5 Nxd5 15. Ne5 Bf6 16. Nxf7 Kxf7 17.
Qh5+ g6 18. Qxh7+ Bg7 $19 {Kastberg,A-Ostergaard,B/Aarhus 1991}) 9... h6 10. h3
Be6 {Las negras ya estan bien.} 11. d4 Rc8 {Las negras quieren actividad de
piezas y el conductor de las blancas quiere simplificar todo ahora, pero no le
es posible.} 12. Be3 b6 13. Ne5 (13. dxc5) 13... Nxe5 14. dxe5 d4 $1 15. exf6
Bxf6 16. Bd2 (16. Ne4 dxe3 17. Nxf6+ Qxf6 18. Rxe3 Qxb2) 16... dxc3 17. Bxc3 (
17. bxc3 {triste pero quizas preferible a la textual.}) 17... Bxc3 18. bxc3 Qf6
$1 19. Qf3 Qxf3 20. Bxf3 Rcd8 {Nada para las blancas.} (20... Bxh3 21. Re7 $132
) 21. h4 Rd2 22. Be4 Bc4 $17 {Si me llamara Smyslov o Averbach diria ventaja
decisiva pero con mi apellido aun no me animo.} 23. Red1 Rfd8 24. Bd3 Rxd1+ 25.
Rxd1 Kf8 26. Kf1 Be6 27. Ke2 Ke7 (27... Bxa2 28. Ra1 Be6 29. Rxa7 $132) 28. a3
Rd5 29. Ke3 Bd7 30. c4 $2 {
Se fija el peon en una casilla propicia para el alfil rival.} 30... Rd4 31. c3
Rd6 32. f4 {Veremos toda la tecnica de Flores ?o no?} 32... Bf5 {Pasa a un fina
l que se deberia ganar por la mejor estructura y las posibilidades del rey
negro de invadir territorio adversario.} 33. Rd2 Bxd3 34. Rxd3 Rxd3+ (34...
Re6+ 35. Kd2 h5 $1 {Podria haber sido una alternativa.}) 35. Kxd3 f5 36. a4 Kf7
37. h5 g6 38. Ke3 $1 {La mejor chance practica.} (38. hxg6+ Kxg6 39. Ke3 Kh5
40. Kf3 a6 $22) 38... gxh5 39. Ke2 Ke6 (39... Kg6 40. Kf3 h4 41. gxh4 Kh5 42.
Kg3 a5 43. Kh3 {y nada pasa.}) 40. Ke3 Kd6 41. Kd3 Kc6 42. Kc2 Kc7 43. Kd3 Kd7
(43... Kb7 44. Kc2 Ka6 45. Kb3 Ka5 46. Ka3 a6 47. Kb3 h4 $1 48. gxh4 h5 49. Ka3
b5 50. axb5 axb5 51. Kb3 Kb6 52. cxb5 Kxb5 53. c4+ Ka5 54. Ka3 $11) 44. Kd2 Kc7
45. Kd3 Kb7 46. Kd2 Ka6 47. Kc2 {Las casillas conjugadas son: b3 vs. a5 de las
negras; f3 vs. g6 de las negras y el problema por el cual el negro nunca puede
ganar es que en ambos casos el rey blanco tiene una casilla lindera donde
mantenerse.} 47... Ka5 48. Kb3 Ka6 49. Kc2 Kb7 50. Kd3 Kc6 51. Kc2 Kc7 52. Kd3
Kd7 53. Kd2 a6 54. Kc2 Ke7 55. Kd2 Kd6 56. Kc2 Kc6 57. Kb3 Kd7 58. Kc2 Kd6 59.
Kd2 Kc6 60. Kc2 b5 61. axb5+ axb5 62. Kb3 bxc4+ 63. Kxc4 Kd6 64. Kd3 1/2-1/2

[Event "Final Argentina Superior 2006"]
[Site "?"]
[Date "2006.05.04"]
[Round "9.1"]
[White "Peralta, Fernando"]
[Black "Perelman, Hernan"]
[Result "1-0"]
[WhiteElo "2524"]
[BlackElo "2211"]
[Annotator "de Dovitiis Alejo"]
[PlyCount "61"]
[EventDate "2006.??.??"]

1. Nf3 Nf6 2. c4 d6 3. d4 c6 4. Nc3 Nbd7 5. e4 e5 {Las negras recurren a la
defensa India Antigua muchas veces practicada con exito por el gran maestro
danes Bent Larsen.} 6. Be2 Be7 7. O-O O-O 8. Be3 Ng4 9. Bd2 Qe8 (9... a6 10. d5
Ngf6 11. b4 cxd5 12. cxd5 Ne8 13. Kh1 g6 14. Ne1 Ng7 15. Nd3 $14 {
Stocek,J-Jakubiec,A/Czech Rep 2005.}) 10. d5 $1 $146 {
Buena en el sentido que deja descolocada a la dama en e8.} (10. h3 Ngf6 11. Be3
Bd8 12. dxe5 dxe5 13. b4 Qe7 14. Qb3 Bc7 15. Rfd1 Rd8 16. c5 $14 {
Gelfand,B-Morozevich,A/Monte Carlo 2003}) 10... Bd8 {
El complemento de la idea: el alfil tiene mejor porvenir en la diagonal a7-g1.}
11. Rb1 a5 12. a3 {
El blanco prepara su avance en el sector donde posee ventaja territorial.}
12... cxd5 13. cxd5 Bb6 {El alfil llego a donde pretendia estar. El blanco
debe cuidarse de la apertura de la columna f.} 14. Nh4 {
Un freno a las aspiraciones negras.} 14... Ndf6 15. h3 Nh6 16. g4 $1 $16 {
Los caballos negros estan en apremios.} 16... Qd8 17. Ng2 {Mantiene la amenaza}
(17. g5 Ne8 18. Ng2 Bxh3 {da cierta compensacion.}) 17... g5 {Triste necesidad.
} 18. Bxg5 $18 Kg7 19. Kh1 Nhg8 20. Ne3 h6 21. Bh4 Bd4 22. Bd3 Ne7 23. Nf5+
Bxf5 24. gxf5 Neg8 25. Ne2 Bc5 26. Ng3 {El blanco martilla pero el negro trata
de resistirse con mala posicion y mucho menos tiempo.} 26... Kh7 27. Rg1 Qe8
28. Qf3 Bb6 29. Qg2 Bd8 30. Be2 Be7 31. Nh5 {
Simple y contundente a la vez, una remate exacto y sin estridencias.} 1-0

[Event "Final Argentina Superior 2006"]
[Site "?"]
[Date "2006.05.04"]
[Round "9.2"]
[White "Malbran, Guillermo"]
[Black "Ricardi, Pablo"]
[Result "1/2-1/2"]
[WhiteElo "2308"]
[BlackElo "2515"]
[Annotator "de Dovitiis Alejo"]
[PlyCount "34"]
[EventDate "2006.??.??"]

1. e4 c5 2. Nf3 g6 3. c3 {Las blancas plantean la variante Alapin contra la
Siciliana popularizada a nivel internacional por Sveshnikov.} 3... d5 4. exd5
Qxd5 5. d4 cxd4 6. cxd4 Bg7 7. Nc3 Qd8 ({RR} 7... Qa5 8. Bc4 Nh6 9. O-O O-O 10.
h3 Nf5 11. Be3 Nc6 12. Rc1 Qd8 13. d5 Nxe3 14. fxe3 Ne5 15. Nxe5 Bxe5 16. Qb3
a6 17. a4 Rb8 18. Kh1 Bd7 19. Rcd1 b5 20. axb5 axb5 21. Be2 Qb6 22. Ne4 {
apis-ikica/Dos Hermanas 2003/1-0 (85)}) 8. Bc4 Nf6 $146 ({RR} 8... Nh6 9. O-O (
{RR} 9. h3 Nf5 10. Be3 O-O 11. O-O Nd7 12. Re1 a6 13. a4 b6 14. Bf4 Bb7 15. Ne5
Rc8 16. Bb3 e6 17. d5 exd5 18. Nxd5 Nxe5 19. Bxe5 Bxd5 20. Qxd5 Nd4 21. Bxg7
Kxg7 22. Rad1 Nxb3 23. Qxb3 Qf6 {
Piay Augusto,D-Franco Alonso,A/Granada ESP 2005/FCD556/0-1 (52)}) 9... O-O 10.
h3 Nf5 11. d5 Nd7 12. Bf4 a6 13. a3 Nf6 14. Re1 Bd7 15. Ba2 Rc8 {
1/2-1/2 Spindelboeck,G-Kraschl,J/Austria 1996/CBM 057 ext (15)}) 9. O-O O-O {
Las negrasn van a jugar contra el peon aislado pero el blanco tiene juego
dinamico como contrapartida.} 10. Re1 Nc6 11. d5 (11. Be3) (11. Bg5) (11. h3)
11... Na5 {Las negras buscaran atacar al peon aislado de las blancas
posiblemente mediante b6 y Bb7.} 12. Bf1 Bf5 {Las negras estan muy comodas.}
13. Bf4 Rc8 14. Be5 a6 15. Qd4 b5 $6 16. Nd2 {
Esta movida puso a pensar bastante al quintuple campeon argentino.} 16... Nb7
17. a4 $1 {Ahora Ricardi tiene inconvenientes para defender su sector dama.}
17... Nd6 {Malbran acepta la oferta debido a que dispone de poco tiempo pero
como senala el propio Ricardi tras:} (17... Nd6 18. axb5 axb5 19. Qb4 {
el blanco tiene clara ventaja.}) 1/2-1/2

[Event "Final Argentina Superior 2006"]
[Site "?"]
[Date "2006.05.04"]
[Round "9.3"]
[White "Mahia, Gustavo"]
[Black "Campora, Daniel"]
[Result "1-0"]
[WhiteElo "2470"]
[BlackElo "2552"]
[Annotator "de Dovitiis Alejo"]
[PlyCount "107"]
[EventDate "2006.??.??"]

1. e4 d5 2. exd5 Qxd5 3. Nc3 Qd6 {Una retirada que ha vuelto ha tener ciertos
adeptos. En este caso, Campora trata como en todo el torneo de eludir los
problemas en la apertura.} 4. d4 Nf6 5. Nf3 a6 6. Bc4 e6 (6... Nc6 7. h3 Bf5 8.
Be3 e6 9. Qe2 Nb4 10. Bb3 Be7 11. Ne5 Nbd5 12. Nxd5 Nxd5 13. Bd2 Bf6 14. a3 Ne7
15. Qe3 Rd8 16. c3 Bxe5 17. Qxe5 Qxe5+ 18. dxe5 $14 {
Groetz,H-Brustkern,J/Kecskemet 2005}) 7. Bg5 (7. Qe2 b5 8. Bb3 Bb7 9. Bg5 Nbd7
{Como en la partida por otro orden de movidas.} 10. O-O-O Nd5 11. Ne4 Qb6 12.
Kb1 h6 13. Bc1 Be7 14. Rhe1 $14 {Zelcic,R-Kurajica,B/Solin-Spilt 2002.}) 7...
Nbd7 $146 (7... b5 8. Bb3 Bb7 9. Qe2 Nbd7 10. O-O-O b4 11. Na4 Be7 12. Rhe1 Nd5
13. Nc5 Nxc5 14. dxc5 Bxg5+ 15. Nxg5 Qf4+ (15... Qxc5 16. Nxe6) 16. Qd2 O-O $13
{Ubach Miralda,M-Bravo Barranco,N/Valles Tancat 1999.}) 8. Qe2 b5 9. Bb3 {
Campora se ha detenido a pensar bastante y tiene que proceder con cuidado ya
que su situacion puede ser incomoda.} 9... Bb7 10. O-O-O Be7 {La dama no se
encuentra a gusto en la casilla d6 pero no surge una continuacion fuerte para
usufructuar ese detalle.} 11. Rhe1 O-O (11... Nb6 $142) 12. d5 $5 {Mahia busca
pescar en rio revueto pero es factible que no sea necesario ello para tener
buena posicion.} 12... Nxd5 (12... Nc5 13. dxe6 Nxb3+ 14. axb3 Qxe6 15. Qd2 $16
) (12... exd5 13. Qxe7) 13. Rxd5 $1 Bxd5 14. Bxe7 Qxe7 15. Nxd5 (15. Bxd5 Rad8
16. Bc6 {daba al blanco una supremacia interesante.}) 15... Qd6 16. Nc3 c5 17.
a3 c4 18. Ba2 Rad8 19. Ne4 Qc7 20. Kb1 h6 21. c3 {
Para retornar a la partida del marginado alfil.} 21... Ne5 {El gran maestro
conductor de las negras sabe que si simplifica piezas y canjea las damas su
situacion mejorara considerablemente.} 22. Nxe5 Qxe5 23. g3 Rd3 24. f4 {
Desaloja a la dama de su privilegiada ubicacion.} 24... Qd5 (24... Qc7 $142)
25. Kc1 Rd8 $2 26. Bb1 {?Campora adrede ha entregado su torre? Que buena
pregunta... La verdad que no se sabe pero parece temerario lo que ha hecho.}
26... Kf8 {No creo que Mahia dude en capturar la torre pese a los riesgos que
ello implica.} 27. Bxd3 cxd3 28. Qe3 (28. Qf2 $1 {
daba buenas chances al jugador de Pehuajo.}) 28... Qb3 {Ahora puede generarse
una repeticion de movidas por medio de 29 Dd2 Da2 30 De3 Db3 pero el blanco
puede pensar en la jugada del comentario de la 28.} 29. Qf2 Qa2 (29... f5 $2
30. Nc5 d2+ 31. Qxd2 Rxd2 32. Nxb3 $18) 30. Qc5+ Kg8 31. Qe7 {
Todo parece estar bajo control.} 31... Qa1+ 32. Kd2 Qxb2+ 33. Ke3 Rf8 34. Kxd3
Qxh2 35. Re2 Qh5 {Ya el apuro atosiga a ambos maestros pero quien tiene las de
ganar es el blanco.} 36. Ke3 f5 37. Nc5 (37. Qxe6+ Kh8 38. Nd6) 37... Re8 38.
Qd6 Qh3 39. Kd4 Qxg3 40. Rxe6 Qf2+ 41. Ke5 Rc8 (41... Qe3+ 42. Kxf5 Rf8+ 43.
Qxf8+) 42. Nd3 Qc2 43. Kxf5 Qxc3 44. Qd5 Kh8 45. Rxa6 Re8 (45... Rf8+ 46. Kg4)
46. Ra8 Rxa8 47. Qxa8+ Kh7 48. Ke4 g5 $2 {
Mala jugada en posicion perdida y con escaso tiempo.} 49. f5 Qc4+ 50. Ke3 Qf7
51. Qe4 Qa7+ (51... Kg7 52. Qe5+ Kh7 53. Qxb5 $18) 52. Kf3 Qxa3 (52... Kg7) 53.
f6+ Kg8 (53... Kh8 54. Qe8+ Kh7 55. Qf7+ Kh8 56. Qg7#) 54. Qg6+ (54. Qg6+ Kf8 (
54... Kh8 55. Qg7#) 55. Qg7+ Ke8 56. f7+ {
Gran victoria de Mahia sobre uno de los candidatos al titulo.}) 1-0